000
00486nam a2200145Ia 4500
008
100122s9999 xx 000 0 und d
082
_b
1313
_a
823
100
_a
करंदीकर शं दि
245
_a
पतिव्रता सावित्री
260
_b
प्रकाशक शोधणे
_c
1924
300
_a
55
630
_a
पतिव्रता सावित्री
730
_a
पतिव्रता सावित्री
942
_c
BOOK
999
_c
396087
_d
396084